Interpret zum Song #4 - Statistiken

Allgemein
  • Dieses Quiz wurde 106 mal gespielt
  • Das Durchschnittsergebnis liegt bei 10 aus 15
Antwortstatistiken
Hinweis Antwort % Korrekt
99 Luftballons Nena
98%
Rolling in the Deep Adele
84%
Schrei nach Liebe Die Ärzte
81%
Summer Of '69 Bryan Adams
77%
Styayin' Alive Bee Gees
74%
Just The Way You Are Bruno Mars
74%
Titanium David Guetta, Sia
72%
The Final Countdown Europe
72%
On The Floor Jennifer Lopez, Pitbull
62%
How You Remind Me Nickelback
59%
Song 2 Blur
53%
Von Party zu Party SXTN
46%
Running Up That Hill Kate Bush
44%
Ein Affe und ein Pferd K.I.Z
42%
Supergirl Reamonn
41%
Keine übereinstimmenden Quizze gefunden
Verteilung der Resultate
Anzahl Personen mit jedem Resultat
Perzentil nach korrekt beantworteten Fragen
Ihre Resultats-Entwicklung
Sie haben dieses Quiz noch nicht gespielt